LIBRARY & INFORMATION CENTRE, KCAET, TAVANUR

ONLINE PUBLIC ACCESS CATALOGUE (OPAC)

Kalakkathu Kunjan Nambiarude arupathu thullalkathakal / (Record no. 4036)

MARC details
000 -LEADER
fixed length control field 00542cam a2200193ua 4500
041 ## - LANGUAGE CODE
Language code of text/sound track or separate title mal
082 ## - DEWEY DECIMAL CLASSIFICATION NUMBER
Classification number 894.8121
Item number NAR/KA
100 ## - MAIN ENTRY--AUTHOR NAME
Personal name Narayana Pillai, P K .
245 ## - TITLE STATEMENT
Title Kalakkathu Kunjan Nambiarude arupathu thullalkathakal /
250 ## - EDITION STATEMENT
Edition statement 7 /
260 ## - PUBLICATION, DISTRIBUTION, ETC. (IMPRINT)
Place of publication Quilon :
Name of publisher Sree Rama Vilasam Press & Book Depot ,
Year of publication 1961.
300 ## - PHYSICAL DESCRIPTION
Number of Pages 662 ; .
700 1# - ADDED ENTRY--PERSONAL NAME
Personal name Achutha Warrier, K .
942 ## - ADDED ENTRY ELEMENTS (KOHA)
Koha item type Books
Holdings
Withdrawn status Lost status Damaged status Home library Current library Date acquired Full call number Accession Number Koha item type
Withdrawn     KAUAET KAUAET 07/04/2012 894.8121 5 Books
free website counter